Clubs français en Ligue des Champions depuis 1955 - Statistiques

Statistiques générales
  • Ce quiz a été pris 577 fois
  • Le résultat moyen est 10 sur 17
Statistiques - réponses
Nombre de participations Matchs joués Victoires Nuls Défaites Meilleur résultat Clubs % Correct
18 148 65 37 46 Demi-finale 2010 et 2020 Olympique Lyonnais
98%
16 135 73 25 37 Finale 2020 Paris Saint-Germain
98%
16 108 44 19 45 Victoire 1993 Olympique de Marseille
96%
18 118 46 24 48 Finale 2004 AS Monaco
93%
8 56 14 16 26 1/8 de finale 2007 et 2022 LOSC
87%
4 24 14 3 7 Finales 1956 et 1959 Stade de Reims
75%
10 41 19 7 15 Finale 1976 AS Saint-Étienne
72%
7 50 21 16 13 Demi-finale 1985 Girondins de Bordeaux
64%
1 6 0 1 5 Phase de groupe 2021 Stade Rennais
57%
8 40 12 14 14 Demi-finale 1996 FC Nantes
56%
1 6 0 2 4 Phase de groupe 2013 Montpellier HSC
51%
3 24 9 2 13 1/4 de finale 1997 AJ Auxerre
46%
2 12 4 4 4 Phase de groupe 1999 et 2003 RC Lens
46%
3 18 7 4 7 1/4 de finale 1957 et 1960 OGC Nice
37%
1 2 0 0 2 3e tour de qualification 2008 Toulouse FC
26%
1 2 0 1 1 Tour de qualification 1998 FC Metz
23%
1 6 3 1 2 1/4 de finale 1980 RC Strasbourg
23%
Aucun quiz correspondant
Distribution des résultats
% des personnes avec chaque résultat
Percentile par nombre de réponses
Votre historique - résultats
Vous n’avez pas pris ce quiz